<?xml version="1.0" encoding="UTF-8"?>
<record
    xmlns:xsi="http://www.w3.org/2001/XMLSchema-instance"
    xsi:schemaLocation="http://www.loc.gov/MARC21/slim http://www.loc.gov/standards/marcxml/schema/MARC21slim.xsd"
    xmlns="http://www.loc.gov/MARC21/slim">

  <leader>02128nam a2200349Ia 4500</leader>
  <controlfield tag="003">3228</controlfield>
  <controlfield tag="005">20260302105701.0</controlfield>
  <controlfield tag="008">210817s9999    xx            000 0 und d</controlfield>
  <datafield tag="020" ind1=" " ind2=" ">
    <subfield code="a">9780620 403122</subfield>
    <subfield code="q">Paperback</subfield>
  </datafield>
  <datafield tag="040" ind1=" " ind2=" ">
    <subfield code="a">RDA</subfield>
    <subfield code="b">ENGLISH</subfield>
    <subfield code="c">3228</subfield>
  </datafield>
  <datafield tag="082" ind1=" " ind2=" ">
    <subfield code="a">R378.30968 BURS</subfield>
  </datafield>
  <datafield tag="100" ind1=" " ind2=" ">
    <subfield code="a"> Levin, Riva   Florida Hills, 2008  16th ed  </subfield>
    <subfield code="9">39389</subfield>
    <subfield code="d">2009.</subfield>
  </datafield>
  <datafield tag="111" ind1=" " ind2=" ">
    <subfield code="9">178758</subfield>
    <subfield code="a">Bible Society of South Africa</subfield>
  </datafield>
  <datafield tag="245" ind1=" " ind2="0">
    <subfield code="a">Bursary register for the 2009 academic year </subfield>
    <subfield code="c"> researched, compiled and published by Riva Levin.</subfield>
  </datafield>
  <datafield tag="250" ind1=" " ind2=" ">
    <subfield code="a">16th ed.</subfield>
  </datafield>
  <datafield tag="260" ind1=" " ind2=" ">
    <subfield code="a">Florida Hills:</subfield>
    <subfield code="b">Riva Levin, </subfield>
    <subfield code="c">2009.</subfield>
  </datafield>
  <datafield tag="300" ind1=" " ind2=" ">
    <subfield code="a"> 230 pages </subfield>
    <subfield code="b">Colour illustrations:</subfield>
    <subfield code="c">20cm</subfield>
  </datafield>
  <datafield tag="504" ind1=" " ind2=" ">
    <subfield code="a">Not included.</subfield>
  </datafield>
  <datafield tag="521" ind1=" " ind2=" ">
    <subfield code="a">Adult</subfield>
  </datafield>
  <datafield tag="600" ind1=" " ind2="0">
    <subfield code="9">129116</subfield>
    <subfield code="a"> Levin, Riva  </subfield>
  </datafield>
  <datafield tag="630" ind1=" " ind2="0">
    <subfield code="9">183275</subfield>
    <subfield code="a">Creating success</subfield>
  </datafield>
  <datafield tag="648" ind1=" " ind2="0">
    <subfield code="9">185762</subfield>
    <subfield code="a">Kabbala</subfield>
  </datafield>
  <datafield tag="650" ind1=" " ind2="0">
    <subfield code="9">180822</subfield>
    <subfield code="a"> Academic writing Academic writing Handbooks, manuals, etc Bachelorstudium &#xC9;criture savante Guides, manuels, etc Forskningsmetodik Guides et manuels Handbook Handbooks and manuals Kvalitativ metod Kvantitativ metod Rapports R&#xE9;daction Guides, manuels, etc Recherche Guides, manuels, etc Recherche M&#xE9;thodologie Guides, manuels, etc Report writing Report writing Handbooks, manuals, etc Research Research Handbooks, manuals, etc Research Methodology Research Methodology Handbooks, manuals, etc Vetenskapligt skrivande Wissenschaftliches Arbeiten</subfield>
  </datafield>
  <datafield tag="651" ind1=" " ind2="0">
    <subfield code="9">196576</subfield>
    <subfield code="a">South Africa</subfield>
  </datafield>
  <datafield tag="654" ind1=" " ind2=" ">
    <subfield code="9">183845</subfield>
    <subfield code="a">Active learning South Africa</subfield>
  </datafield>
  <datafield tag="655" ind1=" " ind2="0">
    <subfield code="9">181978</subfield>
    <subfield code="a">Adult Non-Fiction</subfield>
  </datafield>
  <datafield tag="658" ind1=" " ind2=" ">
    <subfield code="9">183984</subfield>
    <subfield code="a">Education</subfield>
  </datafield>
  <datafield tag="690" ind1=" " ind2=" ">
    <subfield code="9">181312</subfield>
    <subfield code="a"> Dissertations, Academic Dissertations, Academic Handbooks, manuals, etc Dissetations, academic - handbooks, manuals, etc Graduate students Graduate students South Africa Handbooks, manuals, etc Handbooks and manuals Recherche M&#xE9;thodologie Guides, manuels, etc Research Methodology Research Methodology Handbooks, manuals, etc South Africa Th&#xE8;ses et &#xE9;crits acad&#xE9;miques Guides, manuels, etc</subfield>
  </datafield>
  <datafield tag="700" ind1=" " ind2=" ">
    <subfield code="9">27984</subfield>
    <subfield code="a"> Levin, Riva   Florida Hills, [2009]  17th ed  </subfield>
    <subfield code="d">2009.</subfield>
    <subfield code="e">Author'</subfield>
  </datafield>
  <datafield tag="711" ind1=" " ind2=" ">
    <subfield code="9">178758</subfield>
    <subfield code="a">Bible Society of South Africa</subfield>
  </datafield>
  <datafield tag="942" ind1=" " ind2=" ">
    <subfield code="c">BOOK</subfield>
    <subfield code="2">ddc</subfield>
    <subfield code="y">559</subfield>
    <subfield code="z">Nosiswe Mogale</subfield>
  </datafield>
  <datafield tag="999" ind1=" " ind2=" ">
    <subfield code="c">323689</subfield>
    <subfield code="d">323688</subfield>
  </datafield>
  <datafield tag="952" ind1=" " ind2=" ">
    <subfield code="0">0</subfield>
    <subfield code="1">0</subfield>
    <subfield code="4">0</subfield>
    <subfield code="7">0</subfield>
    <subfield code="a">AMSTL</subfield>
    <subfield code="b">AMSTL</subfield>
    <subfield code="d">2021-08-19</subfield>
    <subfield code="g">135.00</subfield>
    <subfield code="l">0</subfield>
    <subfield code="p">33228021201916</subfield>
    <subfield code="r">2021-08-19</subfield>
    <subfield code="w">2021-08-19</subfield>
    <subfield code="y">BK</subfield>
  </datafield>
  <datafield tag="952" ind1=" " ind2=" ">
    <subfield code="0">0</subfield>
    <subfield code="1">0</subfield>
    <subfield code="2">ddc</subfield>
    <subfield code="4">0</subfield>
    <subfield code="7">0</subfield>
    <subfield code="8">300</subfield>
    <subfield code="a">MKHUL</subfield>
    <subfield code="b">MKHUL</subfield>
    <subfield code="c">Non_Fiction</subfield>
    <subfield code="d">2026-02-26</subfield>
    <subfield code="l">0</subfield>
    <subfield code="o">R378.30968 BURS</subfield>
    <subfield code="p">33228 02287436 4</subfield>
    <subfield code="r">2026-02-26</subfield>
    <subfield code="w">2026-02-26</subfield>
    <subfield code="y">BOOK</subfield>
  </datafield>
</record>
